Регионална библиотека "Любен Каравелов" - Русе

Екология и ценности (Запис номер 56540)

MARC детайли
000 -Лидер
Контролно поле с фиксирана дължина 01226nam a2200313 c 4500
003 - Код на организацията, давaща контролен номер
Контролно поле BLK
005 - Дата и час на последна редакция
Контролно поле 20180420222611.0
008 - Елементи от данни с фиксирана дължина
fixed length control field 180408b bul|||||r ||||||| ||bul||
010 ## - Наследен системен номер
LC control number KNG00060522000
040 ## - Източник на каталожния запис
Идентификатор на билиотеката - собственик на записа BLK
041 ## - Код за език
Код за езика на текст/звукозапис или на отделно заглавие Български
Код за езика КДБФ Български
080 ## - УДК
Текстов определител УДК Социална екология. Социално-икономически аспекти на влиянието на човека върху околната среда. Вж и 316.334.5; 502.3; 711
УДК код - определител по УДК 504.03
УДК определител
УДК - код + определител 504.03
100 1# - Редна дума - Автор
Автор Георгиев, Павел
Авторска отговорност първи автор
R(LIN) 286930
139 ## - Редно поле
Редна дума Георгиев, Павел и др.
Авторски знак Георгиев - Г 37
245 10 - Сведения за заглавието
Заглавие Екология и ценности
Подзаглавни данни Изследване
Редно поле (дума) Павел Георгиев; съавт. Чавдар Палавеев.
257 ## - Страна на издаване
Страна на създаване/издаване България
260 ## - Област на издателските данни
-- София
Име на издателя, разпространителя и проч. Наука и изкуство
Година на издаване 1988
300 ## - Физическа характеристика
Страници 120 с.
Размери/Мащаб 21 см
380 ## - Жанр
Жанр Естествени науки. Математика
650 #4 - Допълнително описание по предмет – тема
Основно описание – тема или топоним Социална екология
9 (RLIN) 251839
653 ## - Ключова дума – ненормативна
Ключова дума екология
653 ## - Ключова дума – ненормативна
Ключова дума социална екология
700 1# - Други автори (авторска отговорност)
Лично име Палавеев, Чавдар
Автороска отговорност (Описва отношението между автора и произведението) съавт.
9 (RLIN) 286931
852 ## - Местоположение
Форматна сигнатура Цб 151294
856 4# - Електронен адрес и достъп
Електронен формат pdf - файл
Път до файла /url/
856 4# - Електронен адрес и достъп
Електронен формат pdf - файл
Път до файла /url/
942 ## - АРТИКУЛИ
Вид на библиотечния материал Книги
Скрит в OPAC Не
944 ## - СЪЗДАВАНЕ И РЕДАКЦИЯ на ЗАПИСА
Създаване/Редакция Създаване
Дата на регистрацията/редакция 13.06.2004
Служител, извършил регистрацията/редакцията Читалня
944 ## - СЪЗДАВАНЕ И РЕДАКЦИЯ на ЗАПИСА
Създаване/Редакция Редакция
Дата на регистрацията/редакция 11.08.2015
Служител, извършил регистрацията/редакцията
999 ## - СИСТЕМНИ КОНТРОЛНИ НОМЕРА
Koha biblionumber 56540
Koha biblioitemnumber 56540
Наличности
Код за отписване Код за изгубен артикул Източник на класификационната схема Код за повреда Коз за рестрикции Код за отдаване Артикулен № Име на библиотеката - собственик Име на библиотеката, в която се намира в момента Статус (Текущо местоположение) Дата на вписване в системата Местоположение - отдел Цена в лева Инвентарен номер Систематично азбучна сигнатура Баркод Номер на екземпляра Цена в евро Служебна бележка Служебен тип на артикула
Изтеглен Не е изгубен Universal Decimal Classification Не е повреден без рестрикции ползва се в читалня 89881 Регионална библиотека "Любен Каравелов" Русе Регионална библиотека "Любен Каравелов" Русе Читалня 1993-01-01 Читалня 1.18 501816 Ч 50/Г 37 501816 1 0.60 Дата инв: 15.03.2017 Бележки инв: Ч2017 Книги
  Не е изгубен Universal Decimal Classification Не е повреден без рестрикции ползва се в читалня 89882 Регионална библиотека "Любен Каравелов" Русе Регионална библиотека "Любен Каравелов" Русе Хранилище 1988-01-01 Хранилище 1.18 488955 Цб 151294 120000488955 2 0.60 N: стар фонд Дата: 01.01.1988 Книги
Изтеглен Не е изгубен Universal Decimal Classification Не е повреден без рестрикции заемане за дома 89883 Регионална библиотека "Любен Каравелов" Русе Регионална библиотека "Любен Каравелов" Русе Заемна - подръчен фонд 1988-01-01 Заемна - подръчен фонд 1.18 501815 П 504/Г 37 501815 3 0.60 N: стар фонд Дата: 01.01.1988 Книги
Vip Innovations Ltd, Rousse, Bulgaria 2025